000 01482nam a2200373 i 4500
001 xx005914980
003 NUKAT
005 20260325181637.0
008 260325s1882 pl a |000 0 pol c
035 _a(NUKAT)xx005914980
040 _aOLSZT 008/LL
_bpol
_erda
_cOLSZT 008/LL
_dOLSZT 008/LL
046 _k1882
245 0 0 _aZbiorek modlitw dla członków Apostolstwa Serca Jezusowego /
_czebrał i ułożył M. Mycielski T. J.
250 _aWydanie piąte pomnożone (dla niewiast).
260 _aW Krakowie :
_bnakładem X. Michała Mycielskiego T.J.,
_c1882
_e(W Krakówie :
_fw Drukarni "Czasu" pod zarz. Józefa Łakocińskiego).
300 _a192 strony :
_bilustracje ;
_c15 cm.
336 _aTekst
_btxt
_2rdacontent
337 _aBez urządzenia pośredniczącego
_bn
_2rdamedia
338 _aWolumin
_bnc
_2rdacarrier
380 _aKsiążki
380 _aPublikacje religijne
388 1 _a1801-1900
500 _aMiejsce druku według siedziby drukarni.
610 2 7 _aApostolstwo Modlitwy
_vmodlitewniki.
_2kaba
_938983
650 7 _aModlitewniki katolickie polskie
_y19 w.
_2kaba
_936202
650 7 _aDuchowość katolicka
_2DBN
_937278
650 7 _aKatolicyzm
_2DBN
_935191
655 4 _aModlitewniki polskie.
_2kaba
_95982
655 7 _aModlitewnik
_2DBN
_936203
658 _aReligia i duchowość
700 1 _aMycielski, Michał
_d(1826-1906).
_eRedakcja
_eNakładca
_938982
710 2 _aDrukarnia "Czasu" (Kraków).
_eDruk
_4prt
_91286
942 _2ddc
_cBK_NM
999 _c27269
_d27269